00215nam a2200085Ia 4500008004100000100002100041245003000062260002900092300000800121201216s9999 xx 000 0 und d aSchein, Edgar H. 0aOrganizational Psychology aNew DelhibPrentice Hall a274